| 000 | 01410nam a2200373 i 4500 | ||
|---|---|---|---|
| 003 | EG-ScBUE | ||
| 005 | 20241002142423.0 | ||
| 008 | 150819t2002 mauab f b 001 0 eng d | ||
| 020 | _a0073040185 (acid-free paper) | ||
| 020 | _a0071169598 | ||
| 020 | _a9780071169592 | ||
| 040 |
_aEG-ScBUE _beng _erda _cEG-ScBUE _dEG-ScBUE |
||
| 082 | 0 | 4 |
_a515 _bHOF _222 |
| 100 | 1 |
_aHoffmann, Laurence D., _eauthor. _934672 |
|
| 245 | 1 | 0 |
_aCalculus : _bfor business, economics, and the social and life sciences / _cLaurence D. Hoffmann, Salomon Smith Barney, Gerald L. Bradley, Claremont Mckenna College. |
| 250 | _aSeventh edition. | ||
| 250 | _aInternational edition. | ||
| 264 | 1 |
_aBoston : _bMcGraw-Hill, _c[2000] |
|
| 264 | 4 | _cc2000 | |
| 300 |
_axxi, 723 pages : _billustrations (some color), color maps ; _c24 cm |
||
| 336 |
_2rdacontent _atext _btxt |
||
| 337 |
_aunmediated _2rdamedia _bn |
||
| 338 |
_avolume _bnc _2rdacarrier |
||
| 500 | _aIncludes appendix. | ||
| 504 | _aIncludes bibliographical references and index. | ||
| 650 | 7 |
_aCalculus. _2BUEsh |
|
| 651 | _2BUEsh | ||
| 653 |
_bBUSECO _cAugust2015 |
||
| 655 | _vReading book | ||
| 700 | 1 |
_aBradley, Gerald L., _d1940- _eauthor. _934673 |
|
| 856 | 4 | 2 |
_3Publisher description _uhttp://www.loc.gov/catdir/description/mh023/99026455.html |
| 856 | 4 | 2 |
_3Table of contents _uhttp://www.loc.gov/catdir/toc/mh023/99026455.html |
| 942 |
_cBB _2ddc |
||
| 999 |
_c4348 _d4348 |
||